Joueurs de l'Olympique de Marseille 2021/2022 - Statistiques

Statistiques générales
  • Ce quiz a été pris 2 337 fois
    1 971 depuis la dernière actualisation
  • Le résultat moyen est 17 sur 25
Statistiques - réponses
Numéro Nom % Correct
30 Steve Mandanda
97%
10 Dimitri Payet
96%
6 Matteo Guendouzi
89%
Coach Jorge Sampaoli
88%
21 Valentin Rongier
87%
9 Arkadiusz Milik
85%
8 Gerson
85%
16 Pau Lopez
83%
2 William Saliba
83%
17 Cengiz Under
82%
4 Boubacar Kamara
77%
15 Duje Caleta-Car
75%
5 Leonardo Balerdi
75%
7 Amine Harit
73%
29 Pol Lirola
71%
22 Pape Gueye
66%
13 Cédric Bakambu
64%
12 Bamba Dieng
60%
23 Sead Kolasinac
60%
14 Luan Peres
59%
20 Konrad de la Fuente
58%
3 Alvaro Gonzalez
54%
11 Luis Henrique
48%
32 Salim Seghir
24%
Coach Jorge Desio
9%
Aucun quiz correspondant
Distribution des résultats
% des personnes avec chaque résultat
Percentile par nombre de réponses
Votre historique - résultats
Vous n’avez pas pris ce quiz depuis la dernière actualisation